[Event "Moscow op (Women) 16th"]
[Site "Moscow"]
[Date "2020.01.31"]
[Round "7"]
[White "Voskresenskaya, Marta"]
[Black "Khachatryan, Nadezhda"]
[Result "1-0"]
[WhiteElo "1927"]
[BlackElo "1653"]
[PlyCount "103"]
[EventDate "2020.01.25"]
[EventType "swiss"]
[EventRounds "9"]
[EventCountry "RUS"]
[SourceTitle "CBM 194 Extra"]
[Source "ChessBase"]
[SourceDate "2020.03.31"]
[SourceVersion "1"]
[SourceVersionDate "2020.03.31"]
[SourceQuality "1"]

1. d4 d5 2. c4 dxc4 3. e3 e5 4. Bxc4 exd4 5. exd4 Nf6 6. Ne2 Bd6 7. Bg5 0-0 8. h3 Nc6 9. 0-0 h6 10. Bh4 g5 11. Bg3 Ne4 12. Bxd6 Nxd6 13. Bb3 Bf5 14. Nbc3 Ne7 15. Ng3 Bg6 16. Qd2 Kg7 17. f4 f6 18. fxg5 hxg5 19. Rae1 Ndf5 20. Nxf5+ Nxf5 21. d5 Qd7 22. Ne4 b6 23. Qc3 c6 24. Nxg5 cxd5 25. Ne6+ Kh7 26. Nxf8+ Rxf8 27. g4 d4 28. Qb4 Qc7 29. Rf3 Nd6 30. Qxd4 f5 31. Rc3 Qd7 32. Be6 Qd8 33. Rec1 Nb5 34. Qxd8 Rxd8 35. Rc8 Rxc8 36. Rxc8 fxg4 37. hxg4 Kg7 38. Kf2 Kf6 39. Bf5 Bf7 40. b3 Bd5 41. Bd3 Nd6 42. Rd8 Ke7 43. Rh8 Nf7 44. Rh5 Be6 45. g5 Ne5 46. Be4 Bf7 47. Rh7 Kf8 48. g6 Nxg6 49. Bxg6 Bxg6 50. Rxa7 b5 51. Ke3 Ke8 52. Rb7 1-0

[Event "Moscow op (Women) 16th"]
[Site "Moscow"]
[Date "2020.01.27"]
[Round "3"]
[White "Filippova, Margarita"]
[Black "Khachatryan, Nadezhda"]
[Result "1-0"]
[WhiteElo "1948"]
[BlackElo "1653"]
[PlyCount "133"]
[EventDate "2020.01.25"]
[EventType "swiss"]
[EventRounds "9"]
[EventCountry "RUS"]
[SourceTitle "CBM 194 Extra"]
[Source "ChessBase"]
[SourceDate "2020.03.31"]
[SourceVersion "1"]
[SourceVersionDate "2020.03.31"]
[SourceQuality "1"]

1. d4 d5 2. c4 dxc4 3. Nf3 Nf6 4. e3 e6 5. Bxc4 c5 6. 0-0 a6 7. Bb3 b5 8. a4 Bb7 9. axb5 axb5 10. Rxa8 Bxa8 11. Nc3 c4 12. Bc2 b4 13. Ba4+ Nbd7 14. Ne2 Bd6 15. Ng3 0-0 16. Bxd7 Qxd7 17. Qe2 Qc7 18. Ne5 Rc8 19. f4 Ne4 20. Nh5 f6 21. Ng4 Bd5 22. Nf2 c3 23. Nxe4 Bxe4 24. bxc3 Qxc3 25. Qg4 Bg6 26. Qxe6+ Bf7 27. Qxd6 Bxh5 28. Bd2 Qb3 29. Qxb4 Qxb4 30. Bxb4 Re8 31. Kf2 Bg6 32. g4 Be4 33. Rg1 g6 34. h4 Rb8 35. Bd2 Kf7 36. Rc1 Rb7 37. Ke2 Ke6 38. Rc8 f5 39. g5 Kd7 40. Rf8 Ke7 41. Rf6 Rb3 42. h5 Bd3+ 43. Kd1 Rb1+ 44. Bc1 gxh5 45. Rh6 Be4 46. Rxh7+ Kf8 47. Kd2 Bf3 48. Rh6 Kg7 49. Re6 Rb7 50. Ba3 Ra7 51. Bd6 Ra2+ 52. Kc3 h4 53. Be5+ Kf7 54. Rh6 Rh2 55. g6+ Ke7 56. Rh7+ Kf8 57. g7+ Kf7 58. Rh8 Rg2 59. Rf8+ Ke7 60. g8Q Rxg8 61. Rxg8 h3 62. Rh8 Bg4 63. d5 Kf7 64. d6 Ke6 65. Rh6+ Kd7 66. Rh7+ Kd8 67. Bf6+ 1-0

[Event "Moscow-ch final (Women)"]
[Site "Moscow"]
[Date "2019.03.31"]
[Round "2"]
[White "Danilova, Rada"]
[Black "Khachatryan, Nadezhda"]
[Result "1-0"]
[WhiteElo "1930"]
[BlackElo "1738"]
[PlyCount "125"]
[EventDate "2019.03.30"]
[EventType "swiss"]
[EventRounds "9"]
[EventCountry "RUS"]
[SourceTitle "CBM 189 Extra"]
[Source "ChessBase"]
[SourceDate "2019.06.03"]
[SourceVersion "1"]
[SourceVersionDate "2019.06.03"]
[SourceQuality "1"]

1. d4 d5 2. c4 dxc4 3. Nf3 Nf6 4. e3 e6 5. Bxc4 c5 6. 0-0 a6 7. a4 Nc6 8. Nc3 Qc7 9. Qe2 Bd6 10. Rd1 0-0 11. h3 b6 12. dxc5 bxc5 13. e4 Ne5 14. Ba2 Bb7 15. Bg5 Nfd7 16. Rac1 Nxf3+ 17. Qxf3 Ne5 18. Qe2 Nc6 19. Be3 Nb4 20. Bc4 Rac8 21. Qg4 Kh8 22. Qh4 Rce8 23. f4 Qc6 24. Qf2 f5 25. Rxd6 Qxd6 26. Bxc5 Qc6 27. b3 fxe4 28. Bxb4 e3 29. Qg3 Rxf4 30. Ba3 Rf2 31. Bf1 Qb6 32. Ne2 Qxb3 33. Bc5 Qb2 34. Qxe3 Rf7 35. Bd4 Qa2 36. Qe5 Qa3 37. Ra1 Qf8 38. Bc5 Qg8 39. Nf4 Rf5 40. Qc7 Ba8 41. Be3 e5 42. Ne2 Qd5 43. Qc2 Ref8 44. Ng3 R5f6 45. Rd1 Qb7 46. Rb1 Qf7 47. Bc4 Qc7 48. Bd3 Rc6 49. Qe2 Re6 50. Rc1 Qd7 51. Bf5 Rxf5 52. Nxf5 Re8 53. Qg4 Rf8 54. Rd1 Qb7 55. Nh4 Qb3 56. Bc5 Re8 57. Rd7 Qb1+ 58. Kh2 Rg8 59. Bf8 g6 60. Be7 Rb8 61. Bf6+ Kg8 62. Qe6+ Kf8 63. Qf7# 1-0

[Event "Wch U12 Girls"]
[Site "Batumi"]
[Date "2016.10.27"]
[Round "8"]
[White "Khachatryan, Nadezhda"]
[Black "Tsotsonava, Elene"]
[Result "0-1"]
[WhiteElo "1525"]
[BlackElo "1394"]
[PlyCount "66"]
[EventDate "2016.10.19"]
[EventType "swiss"]
[EventRounds "11"]
[EventCountry "GEO"]
[SourceTitle "EXT 2018"]
[Source "ChessBase"]
[SourceDate "2017.10.13"]
[SourceVersion "1"]
[SourceVersionDate "2017.10.13"]
[SourceQuality "1"]

1. e4 c5 2. Nf3 d6 3. d4 cxd4 4. Nxd4 Nf6 5. Nc3 g6 6. Be3 Bg7 7. f3 0-0 8. Qd2 Nc6 9. Bc4 Bd7 10. 0-0-0 Rc8 11. Bb3 Ne5 12. Kb1 a6 13. g4 b5 14. g5 b4 15. Nce2 Nh5 16. Ng3 a5 17. f4 a4 18. Bd5 Ng4 19. Nxh5 Nxe3 20. Qxe3 gxh5 21. f5 a3 22. g6 axb2 23. Bxf7+ Kh8 24. Qg5 h6 25. Qxh5 Qa5 26. Bb3 Ba4 27. Qf3 Rc3 28. Qg2 Bxb3 29. cxb3 Rfc8 30. Qd2 Qe5 31. Qe2 Qxd4 32. Rxd4 Rc1+ 33. Kxb2 Bxd4# 0-1

[Event "Wch U12 Girls"]
[Site "Batumi"]
[Date "2016.10.26"]
[Round "7"]
[White "Almog, Shani"]
[Black "Khachatryan, Nadezhda"]
[Result "0-1"]
[WhiteElo "1202"]
[BlackElo "1525"]
[PlyCount "32"]
[EventDate "2016.10.19"]
[EventType "swiss"]
[EventRounds "11"]
[EventCountry "GEO"]
[SourceTitle "EXT 2018"]
[Source "ChessBase"]
[SourceDate "2017.10.13"]
[SourceVersion "1"]
[SourceVersionDate "2017.10.13"]
[SourceQuality "1"]

1. d4 d5 2. c4 dxc4 3. e4 e5 4. d5 Nf6 5. Nc3 c6 6. Bxc4 b5 7. Bb3 b4 8. dxc6 bxc3 9. Bxf7+ Ke7 10. Bd5 Qa5 11. bxc3 Nxd5 12. exd5 Qxc3+ 13. Bd2 Qc4 14. Be3 Ke8 15. Bd2 Qe4+ 16. Ne2 Qxg2 0-1

[Event "EU-ch U12 Girls 26th"]
[Site "Prague"]
[Date "2016.08.27"]
[Round "9"]
[White "Khachatryan, Nadezhda"]
[Black "Mihailova, Alina"]
[Result "0-1"]
[WhiteElo "1507"]
[BlackElo "1579"]
[PlyCount "80"]
[EventDate "2016.08.18"]
[EventType "swiss"]
[EventRounds "9"]
[EventCountry "CZE"]
[SourceTitle "CBM 174 Extra"]
[Source "ChessBase"]
[SourceDate "2016.10.10"]
[SourceVersion "1"]
[SourceVersionDate "2016.10.10"]
[SourceQuality "1"]

1. e4 d5 2. exd5 Nf6 3. d4 Bg4 4. Nf3 Qxd5 5. Nc3 Qh5 6. Be2 Nc6 7. 0-0 0-0-0 8. h3 Nxd4 9. Nxd4 Bxe2 10. Ncxe2 e5 11. c3 exd4 12. cxd4 g5 13. Qc2 g4 14. Nf4 Qb5 15. a4 Qd7 16. a5 a6 17. Be3 Rg8 18. Rfc1 gxh3 19. Nxh3 Bd6 20. Kh1 Qg4 21. Rg1 Nh5 22. Qd2 f5 23. Bg5 Rde8 24. Qd1 Rxg5 25. Nxg5 Qxg5 26. g3 f4 27. g4 f3 28. Qxf3 Rf8 29. Qh3 Nf4 30. Qh2 Qd5+ 31. Rg2 Nxg2 32. Qxg2 Qxd4 33. f3 Qd5 34. Rf1 Qxa5 35. Qc2 h5 36. Rd1 hxg4 37. Rxd6 Qe1+ 38. Kh2 Qe5+ 39. Kg2 gxf3+ 40. Kf2 Qh2+ 0-1

[Event "EU-ch U12 Girls 26th"]
[Site "Prague"]
[Date "2016.08.26"]
[Round "8"]
[White "Korenova, Simona"]
[Black "Khachatryan, Nadezhda"]
[Result "0-1"]
[WhiteElo "1612"]
[BlackElo "1507"]
[PlyCount "44"]
[EventDate "2016.08.18"]
[EventType "swiss"]
[EventRounds "9"]
[EventCountry "CZE"]
[SourceTitle "CBM 174 Extra"]
[Source "ChessBase"]
[SourceDate "2016.10.10"]
[SourceVersion "1"]
[SourceVersionDate "2016.10.10"]
[SourceQuality "1"]

1. d4 d5 2. Nf3 Nc6 3. Bf4 Bg4 4. e3 Nf6 5. c4 e6 6. a3 Bd6 7. Bg3 0-0 8. Nbd2 e5 9. cxd5 Nxd5 10. Qb3 Bxf3 11. Nxf3 exd4 12. Qxb7 Na5 13. Qa6 Nb3 14. Bxd6 cxd6 15. Rd1 Re8 16. Nxd4 Qh4 17. Nf3 Nxe3 18. Be2 Nxg2+ 19. Kf1 Qh3 20. Kg1 Nf4 21. Ne1 Nxe2+ 22. Qxe2 Rxe2 0-1

[Event "EU-ch U12 Girls 26th"]
[Site "Prague"]
[Date "2016.08.18"]
[Round "1"]
[White "Guillo Longares, Cecilia"]
[Black "Khachatryan, Nadezhda"]
[Result "0-1"]
[WhiteElo "1845"]
[BlackElo "1507"]
[PlyCount "36"]
[EventDate "2016.08.18"]
[EventType "swiss"]
[EventRounds "9"]
[EventCountry "CZE"]
[SourceTitle "CBM 174 Extra"]
[Source "ChessBase"]
[SourceDate "2016.10.10"]
[SourceVersion "1"]
[SourceVersionDate "2016.10.10"]
[SourceQuality "1"]

1. d4 d5 2. c4 Nc6 3. Nf3 Bg4 4. e3 e5 5. dxe5 dxc4 6. Qa4 Bxf3 7. gxf3 Qd5 8. e4 Qxe5 9. Bxc4 0-0-0 10. Nc3 Qh5 11. Be2 Bc5 12. Bf4 Nd4 13. Nd5 Nxf3+ 14. Bxf3 Qxf3 15. Rf1 Nf6 16. Be3 Nxd5 17. Bxc5 Nf4 18. Qb5 Ng2# 0-1

[Event "EU-ch U12 Girls 25th"]
[Site "Porec"]
[Date "2015.09.21"]
[Round "1"]
[White "Jarocka, Liwia"]
[Black "Khachatryan, Nadezhda"]
[Result "1/2-1/2"]
[WhiteElo "1661"]
[BlackElo "1422"]
[PlyCount "63"]
[EventDate "2015.09.21"]
[EventType "swiss"]
[EventRounds "9"]
[EventCountry "CRO"]
[SourceTitle "EXT 2016"]
[Source "ChessBase"]
[SourceDate "2015.10.08"]
[SourceVersion "1"]
[SourceVersionDate "2015.10.08"]
[SourceQuality "1"]

1. e4 c6 2. d4 d5 3. Nd2 dxe4 4. Nxe4 Bf5 5. Ng3 Bg6 6. h4 h6 7. Nf3 Nd7 8. h5 Bh7 9. Bd3 Bxd3 10. Qxd3 e6 11. Bf4 Qa5+ 12. Bd2 Bb4 13. c3 Be7 14. c4 Qc7 15. Bc3 Ngf6 16. Ne4 0-0 17. 0-0 Nxe4 18. Qxe4 Nf6 19. Qh4 c5 20. Rac1 Rfd8 21. Qh3 cxd4 22. Bxd4 Qa5 23. g4 Qxa2 24. Rfe1 Rac8 25. Bc3 Rxc4 26. Ne5 Re4 27. Qf3 Rxe1+ 28. Rxe1 Qd5 29. Qe3 Bd6 30. g5 Bc5 31. Qf4 hxg5 32. Qxg5 1/2-1/2